LEADER 00971nam a2200229 i 4500 001 000000176005 003 CaOOAMICUS 005 20090305000000.0 008 090305s1976 it u000 u fre u 013 $a153490 040 $aSeMil$bita 100 1 $aMechtilde : du Saint-Sacrement <1614-1698>.$0(OLS)http://semarc/name/23554 245 10$aLettres inédites /$cCatherine de Bar, mère Mectilde du Saint Sacrement,1614-1698. 260 $aRouen :$bBénédictines du Saint Sacrements,$c1976. 300 $a428 p. :$bill. ;$c22 cm. 500 $aIn preliminari : Dedica delle Benedettine al Card. Colombo. - Fondo card. Giovanni Colombo. 850 $aSeMil 852 $aSeMil$W1$xVenegono$y1$m2C V 67$j126827$B126827$CSeMilBibl$Z2$F143081 $81 941 1 $a3 961 $aLascito: Colombo Card. Giovanni 996 $6245$aLettres inédites$9(OLS)http://semarc/title/252544 996 $6260$aRouen :$bBénédictines du Saint Sacrements$9(OLS)http://semarc/publisher/49380 LEADER 01083nam a2200217 i 4500 001 000000058049 003 CaOOAMICUS 005 20040917000000.0 008 040917s1920 xx u000 u lat u 013 $a29221 040 $aSeMil$bita 245 10$aCompendium vitae virtutum et miraculorum necnon actorum in causa canonizationis Ioannae de Arc :$bpuellae aurelianensis nuncupatae. 260 $aRomae :$bTypis Polyglottis Vaticanis,$c1920. 300 $a23 p. ;$c29 cm. 500 $aIn mezzo al front. : Ex tabulario Sacrae Rituum Congregationis. 600 04$aGiovanna : d'Arco .$0(OLS)http://semarc/subject/8718 650 4$aSanti - Canonizzazione.$0(OLS)http://semarc/subject/1571 850 $aSeMil 852 $aSeMil$W1$xVenegono$y1$m5B IX 8/4$j24202$B24202$CSeMilBibl$Z2$F24205 $81 996 $6245$aCompendium vitae virtutum et miraculorum necnon actorum in causa canonizationis Ioannae de Arc :$bpuellae aurelianensis nuncupatae$9(OLS)http://semarc/title/90417 996 $6260$aRomae :$bTypis Polyglottis Vaticanis$9(OLS)http://semarc/publisher/30364